| 000 | 00421pab a2200157 454500 | ||
|---|---|---|---|
| 008 | 180718b2014 xxu||||| |||| 00| 0 eng d | ||
| 100 | _aNaik, B.M. | ||
| 245 | _aIndia needs best practical like research part to Serf on Tsunami waves in world economy | ||
| 260 | _c2014 | ||
| 300 | _ap.15-22. | ||
| 362 | _a20 Jan | ||
| 650 | _aIndustry and education | ||
| 773 | _aUniversity News | ||
| 908 | _aN | ||
| 909 | _a102921 | ||
| 999 |
_c102919 _d102919 |
||